[Event "POL-chT 2nd League"]
[Site "Jastrzebia Gora"]
[Date "2015.09.10"]
[Round "6.22"]
[White "Swic, Waldemar"]
[Black "Nowak, Kamil"]
[Result "0-1"]
[WhiteElo "2345"]
[BlackElo "2133"]
[PlyCount "76"]
[EventDate "2015.09.05"]
[EventType "team-swiss"]
[EventRounds "9"]
[EventCountry "POL"]
[SourceTitle "EXT 2017"]
[Source "ChessBase"]
[SourceDate "2016.10.25"]
[SourceVersion "1"]
[SourceVersionDate "2016.10.25"]
[SourceQuality "1"]
[WhiteTeam "Lodz Okucia Budowlane"]
[BlackTeam "Wroclaw MUKS MDK Fabryczna"]
[WhiteTeamCountry "POL"]
[BlackTeamCountry "POL"]

1. e4 c5 2. Nf3 d6 3. d4 cxd4 4. Nxd4 Nf6 5. Nc3 e6 6. g4 h6 7. g5 hxg5 8. Bxg5 Nc6 9. Qd2 a6 10. 0-0-0 Bd7 11. h4 Qc7 12. f4 0-0-0 13. Be2 Be7 14. h5 Kb8 15. Kb1 Ng8 16. Bxe7 Ngxe7 17. Nb3 Bc8 18. Bf3 g6 19. hxg6 Nxg6 20. Bh5 Nce7 21. Bxg6 Rxh1 22. Rxh1 Nxg6 23. Qf2 Rg8 24. a3 Bd7 25. Rh7 Bc6 26. Nd4 Nf8 27. Nxc6+ bxc6 28. Rh3 Qa7 29. Qd2 Kc7 30. Na4 a5 31. Rd3 Qa6 32. b3 d5 33. exd5 cxd5 34. Qc3+ Kd8 35. Nc5 Qb6 36. f5 Nd7 37. fxe6 fxe6 38. Nxd7 Kxd7 0-1

[Event "POL-chT 2nd League"]
[Site "Lublin"]
[Date "2006.09.05"]
[Round "4.26"]
[White "Swic, Waldemar"]
[Black "Sygulski, Artur"]
[Result "1-0"]
[WhiteElo "2331"]
[BlackElo "2392"]
[PlyCount "49"]
[EventDate "2006.09.02"]
[EventType "team-swiss"]
[EventRounds "9"]
[EventCountry "POL"]
[SourceTitle "EXT 2019"]
[Source "ChessBase"]
[SourceDate "2018.10.10"]
[SourceVersion "1"]
[SourceVersionDate "2018.10.10"]
[SourceQuality "1"]
[WhiteTeam "Lodz Szach Centrum"]
[BlackTeam "Gniezno LKS Chrobry"]
[WhiteTeamCountry "POL"]
[BlackTeamCountry "POL"]

1. e4 e6 2. d4 b6 3. Nf3 Bb7 4. Bd3 c5 5. c3 Be7 6. Qe2 d6 7. a3 Nf6 8. 0-0 Nbd7 9. Nbd2 Qc7 10. Re1 Rc8 11. b4 Nh5 12. g3 g6 13. Bb2 0-0 14. Qe3 Ndf6 15. h3 e5 16. bxc5 bxc5 17. dxe5 dxe5 18. Nc4 Nd7 19. Qh6 Rfe8 20. Qd2 Bf8 21. Qe2 Nhf6 22. a4 Rb8 23. Nfd2 Bc6 24. a5 Bh6 25. Bc1 1-0

[Event "POL-chT 2nd League"]
[Site "Lublin"]
[Date "2006.09.04"]
[Round "3.44"]
[White "Markiewicz, Jacek"]
[Black "Swic, Waldemar"]
[Result "1/2-1/2"]
[WhiteElo "2308"]
[BlackElo "2331"]
[PlyCount "28"]
[EventDate "2006.09.02"]
[EventType "team-swiss"]
[EventRounds "9"]
[EventCountry "POL"]
[SourceTitle "EXT 2019"]
[Source "ChessBase"]
[SourceDate "2018.10.10"]
[SourceVersion "1"]
[SourceVersionDate "2018.10.10"]
[SourceQuality "1"]
[WhiteTeam "Szopienice HetMaN II"]
[BlackTeam "Lodz Szach Centrum"]
[WhiteTeamCountry "POL"]
[BlackTeamCountry "POL"]

1. e4 d6 2. d4 Nf6 3. Nc3 g6 4. Be3 c6 5. Qd2 b5 6. Bd3 Nbd7 7. Nf3 Qc7 8. 0-0 Bg7 9. Bh6 0-0 10. Rfe1 e5 11. Bxg7 Kxg7 12. dxe5 dxe5 13. a4 b4 14. Nd1 a5 1/2-1/2

[Event "Oberliga Sued W 0506"]
[Site "Germany"]
[Date "2006.02.19"]
[Round "7.2"]
[White "Lambert, Andreas"]
[Black "Swic, Waldemar"]
[Result "1/2-1/2"]
[WhiteElo "2165"]
[BlackElo "2351"]
[PlyCount "63"]
[EventDate "2005.10.23"]
[EventType "team-tourn"]
[EventRounds "9"]
[EventCountry "GER"]
[SourceTitle "EXT 2007"]
[Source "ChessBase"]
[SourceDate "2006.11.23"]
[SourceVersion "1"]
[SourceVersionDate "2006.11.23"]
[SourceQuality "1"]
[WhiteTeam "Ludwigshafen"]
[BlackTeam "Bad Bergzabern"]
[WhiteTeamCountry "GER"]
[BlackTeamCountry "GER"]

1. d4 d6 2. e4 Nf6 3. Nc3 g6 4. Be3 c6 5. Qd2 Nbd7 6. Nf3 Qa5 7. h3 b5 8. Bd3 b4 9. Ne2 c5 10. a3 Qc7 11. axb4 Bb7 12. bxc5 Nxe4 13. Qa5 Qxa5+ 14. Rxa5 dxc5 15. dxc5 a6 16. Bd4 f6 17. b4 e5 18. 0-0 exd4 19. Nexd4 Ndxc5 20. bxc5 Nxc5 21. Bc4 Bd6 22. Rb1 0-0-0 23. Ne6 Nxe6 24. Bxe6+ Kc7 25. Bc4 Ra8 26. Nd4 Rhb8 27. Ne6+ Kd7 28. Nc5+ Bxc5 29. Rxc5 Kd6 30. Ra5 Kc7 31. Rc5+ Kd6 32. Ra5 1/2-1/2

[Event "Oberliga Sued W 0506"]
[Site "Germany"]
[Date "2005.11.27"]
[Round "3.2"]
[White "Busche, Stefan"]
[Black "Swic, Waldemar"]
[Result "0-1"]
[WhiteElo "2013"]
[BlackElo "2351"]
[PlyCount "60"]
[EventDate "2005.10.23"]
[EventType "team-tourn"]
[EventRounds "9"]
[EventCountry "GER"]
[SourceTitle "EXT 2007"]
[Source "ChessBase"]
[SourceDate "2006.11.23"]
[SourceVersion "1"]
[SourceVersionDate "2006.11.23"]
[SourceQuality "1"]
[WhiteTeam "Saarbruecken II"]
[BlackTeam "Bad Bergzabern"]
[WhiteTeamCountry "GER"]
[BlackTeamCountry "GER"]

1. e4 c5 2. Nf3 e6 3. d4 cxd4 4. Nxd4 Nf6 5. Nc3 d6 6. Be3 a6 7. f3 b5 8. Qd2 Nbd7 9. 0-0-0 Bb7 10. g4 Nb6 11. Qf2 Nfd7 12. Kb1 Rc8 13. Nce2 Qc7 14. Ng3 d5 15. g5 Nc4 16. Bxc4 Qxc4 17. h4 g6 18. h5 Bg7 19. Rh2 b4 20. Rdh1 Rg8 21. hxg6 hxg6 22. Rh7 a5 23. f4 Nf8 24. Rxg7 Rxg7 25. f5 e5 26. Nb3 d4 27. Bc1 Qc7 28. fxg6 fxg6 29. Qe2 a4 30. Na1 Qc4 0-1

[Event "Oberliga Sued W 0506"]
[Site "Germany"]
[Date "2005.11.13"]
[Round "2.3"]
[White "Swic, Waldemar"]
[Black "Kuklin, Valentin"]
[Result "1/2-1/2"]
[WhiteElo "2351"]
[BlackElo "2268"]
[PlyCount "56"]
[EventDate "2005.10.23"]
[EventType "team-tourn"]
[EventRounds "9"]
[EventCountry "GER"]
[SourceTitle "EXT 2007"]
[Source "ChessBase"]
[SourceDate "2006.11.23"]
[SourceVersion "1"]
[SourceVersionDate "2006.11.23"]
[SourceQuality "1"]
[WhiteTeam "Bad Bergzabern"]
[BlackTeam "Saarbruecken"]
[WhiteTeamCountry "GER"]
[BlackTeamCountry "GER"]

1. Nf3 Nf6 2. d4 c5 3. dxc5 Na6 4. g3 Nxc5 5. Bg2 g6 6. 0-0 Bg7 7. c4 0-0 8. Nc3 b6 9. Nd4 Bb7 10. Bxb7 Nxb7 11. Bg5 Rc8 12. b3 h6 13. Bxf6 Bxf6 14. Rc1 Bg7 15. e3 Na5 16. Qf3 Nc6 17. Rfd1 Nxd4 18. exd4 d6 19. d5 Qd7 20. a4 a6 21. Qe3 Qb7 22. Re1 Rfe8 23. h4 h5 24. Qd3 Bxc3 25. Rxc3 b5 26. axb5 axb5 27. Re4 bxc4 28. bxc4 Qd7 1/2-1/2

[Event "Polanica Zdroj op"]
[Site "Polanica Zdroj"]
[Date "2001.08.23"]
[Round "8"]
[White "Swic, Waldemar"]
[Black "Kucypera, Anna"]
[Result "1/2-1/2"]
[WhiteElo "2312"]
[BlackElo "2168"]
[PlyCount "40"]
[EventDate "2001.08.16"]
[EventType "swiss"]
[EventRounds "10"]
[EventCountry "POL"]
[SourceTitle "EXT 2002"]
[Source "ChessBase"]
[SourceDate "2001.11.25"]
[SourceVersion "1"]
[SourceVersionDate "2001.11.25"]
[SourceQuality "1"]

1. Nf3 Nf6 2. g3 g6 3. Bg2 Bg7 4. 0-0 0-0 5. c4 d6 6. Nc3 Nc6 7. d3 e5 8. Rb1 h6 9. b4 a6 10. a4 Be6 11. b5 axb5 12. axb5 Na5 13. Nd2 Qd7 14. Re1 d5 15. cxd5 Nxd5 16. Bb2 b6 17. Nxd5 Bxd5 18. Bxd5 Qxd5 19. Bc3 f5 20. Qc2 Rf7 1/2-1/2

[Event "Polanica Zdroj op"]
[Site "Polanica Zdroj"]
[Date "2001.08.22"]
[Round "7"]
[White "Malakhatko, Vadim"]
[Black "Swic, Waldemar"]
[Result "1-0"]
[WhiteElo "2557"]
[BlackElo "2312"]
[PlyCount "107"]
[EventDate "2001.08.16"]
[EventType "swiss"]
[EventRounds "10"]
[EventCountry "POL"]
[SourceTitle "EXT 2002"]
[Source "ChessBase"]
[SourceDate "2001.11.25"]
[SourceVersion "1"]
[SourceVersionDate "2001.11.25"]
[SourceQuality "1"]

1. d4 d5 2. Nf3 Nc6 3. Bf4 Bg4 4. e3 e6 5. c4 dxc4 6. Bxc4 Bd6 7. Bg3 a6 8. Nc3 Nf6 9. 0-0 Bxg3 10. hxg3 0-0 11. Be2 Qd6 12. Rc1 Rfd8 13. a3 Ne7 14. b4 Bxf3 15. Bxf3 c6 16. Qb3 Ng6 17. Rfd1 Qe7 18. Ne4 Nxe4 19. Bxe4 Rd6 20. a4 Qd7 21. Rc5 Ne7 22. Rdc1 g6 23. g4 Rb8 24. Bf3 Qd8 25. g3 Nd5 26. b5 cxb5 27. axb5 b6 28. R5c4 axb5 29. Qxb5 Rd7 30. Kg2 Rd6 31. R4c2 Rd7 32. Rb2 Rd6 33. Ra1 Rd7 34. Ra3 Qe7 35. Rab3 Qd8 36. Ra3 Qe7 37. Rba2 Nc7 38. Qb3 Qd6 39. Rc2 Qe7 40. Bc6 Rd6 41. Ra7 Qd8 42. Bf3 Ne8 43. Qb5 h6 44. Rc6 Qg5 45. Qb4 Kg7 46. Rc4 Qd8 47. Qb5 Qg5 48. Qb2 Kg8 49. e4 Qd8 50. Rb4 Qc8 51. Qd2 g5 52. e5 Rd7 53. Ra1 Nc7 54. Rc4 1-0

[Event "Polanica Zdroj op"]
[Site "Polanica Zdroj"]
[Date "2001.08.21"]
[Round "6"]
[White "Zubarev, Alexander2222"]
[Black "Swic, Waldemar"]
[Result "1-0"]
[WhiteElo "2470"]
[BlackElo "2312"]
[PlyCount "120"]
[EventDate "2001.08.16"]
[EventType "swiss"]
[EventRounds "10"]
[EventCountry "POL"]
[SourceTitle "EXT 2002"]
[Source "ChessBase"]
[SourceDate "2001.11.25"]
[SourceVersion "1"]
[SourceVersionDate "2001.11.25"]
[SourceQuality "1"]

1. e4 c5 2. Nf3 Nc6 3. d4 cxd4 4. Nxd4 g6 5. c4 Nf6 6. Nc3 Nxd4 7. Qxd4 d6 8. Bg5 Bg7 9. Be2 Qa5 10. Qd2 0-0 11. 0-0 Be6 12. f3 Rfc8 13. Rac1 Bxc4 14. Nd5 Qxd2 15. Nxe7+ Kf8 16. Bxd2 Kxe7 17. Rxc4 Rxc4 18. Bxc4 Nd7 19. b3 Bd4+ 20. Kh1 Nb6 21. Bd3 Rc8 22. g3 d5 23. Rd1 Bc3 24. Bg5+ f6 25. Be3 d4 26. Bc1 a6 27. Ba3+ Ke6 28. f4 f5 29. exf5+ gxf5 30. Kg2 Nd5 31. Kf3 b5 32. Bc1 h5 33. h3 Rd8 34. a3 Kf6 35. Rh1 Rh8 36. Rh2 Rh7 37. Re2 Re7 38. Rxe7 Nxe7 39. g4 hxg4+ 40. hxg4 fxg4+ 41. Kxg4 Nd5 42. Kf3 Ke6 43. Be4 Be1 44. Bh7 Nf6 45. Bd3 Bc3 46. f5+ Kd6 47. Bf4+ Ke7 48. Bg5 Bb2 49. a4 bxa4 50. bxa4 a5 51. Bh4 Kf7 52. Kf4 Bc3 53. Ke5 Ng4+ 54. Kd6 Bb4+ 55. Kd5 Bc3 56. Bd8 Nf2 57. Kc4 Nd1 58. Kb5 Nb2 59. Bc4+ Ke8 60. Bf6 Nd1 1-0

[Event "Polanica Zdroj op"]
[Site "Polanica Zdroj"]
[Date "2001.08.18"]
[Round "3"]
[White "Swic, Waldemar"]
[Black "Malaniuk, Vladimir P"]
[Result "1/2-1/2"]
[WhiteElo "2312"]
[BlackElo "2516"]
[PlyCount "58"]
[EventDate "2001.08.16"]
[EventType "swiss"]
[EventRounds "10"]
[EventCountry "POL"]
[SourceTitle "EXT 2002"]
[Source "ChessBase"]
[SourceDate "2001.11.25"]
[SourceVersion "1"]
[SourceVersionDate "2001.11.25"]
[SourceQuality "1"]

1. e4 e5 2. Nf3 Nc6 3. Nc3 Nf6 4. Bb5 Bd6 5. Bxc6 dxc6 6. h3 c5 7. d3 c6 8. 0-0 Nd7 9. Nh2 Nf8 10. f4 exf4 11. Bxf4 Bxf4 12. Rxf4 c4 13. Rf2 cxd3 14. Qf3 Be6 15. cxd3 Ng6 16. Qe3 0-0 17. d4 Re8 18. Rb1 f6 19. Qg3 Qb8 20. Qxb8 Raxb8 21. Nf3 f5 22. exf5 Bxf5 23. d5 c5 24. d6 Bd7 25. Nb5 Rbd8 26. Nc7 Re3 27. Nd5 Ree8 28. Nc7 Re3 29. Nd5 Ree8 1/2-1/2

[Event "POL-chT 2nd div North"]
[Site "Lublin"]
[Date "1999.??.??"]
[Round "7"]
[White "Barwinski, Dionizy"]
[Black "Swic, Waldemar"]
[Result "0-1"]
[WhiteElo "2230"]
[BlackElo "2310"]
[PlyCount "60"]
[EventDate "1999.09.11"]
[EventType "team-swiss"]
[EventRounds "8"]
[EventCountry "POL"]
[SourceTitle "EXT 2003"]
[Source "ChessBase"]
[SourceDate "2002.11.25"]
[SourceVersion "1"]
[SourceVersionDate "2002.11.25"]
[SourceQuality "1"]
[WhiteTeam "Pultusk Nadnarwianka"]
[BlackTeam "POL-chT 2nd div North 2"]
[WhiteTeamCountry "POL"]
[BlackTeamCountry "POL"]

1. d4 d5 2. c4 Nc6 3. cxd5 Qxd5 4. Nf3 e5 5. Nc3 Bb4 6. Bd2 Bxc3 7. Bxc3 e4 8. Ne5 e3 9. fxe3 Nxe5 10. dxe5 Ne7 11. Rg1 Be6 12. g3 Qxd1+ 13. Kxd1 0-0-0+ 14. Ke1 Nd5 15. Bd2 Rd7 16. Bg2 Rhd8 17. Bxd5 Rxd5 18. Bc3 b6 19. Rf1 c5 20. a3 Kb7 21. Rf4 h5 22. h4 g6 23. Rf1 R5d7 24. Rf4 a5 25. Rc1 Bb3 26. g4 hxg4 27. Rxg4 Ka6 28. Kf2 b5 29. e6 Bxe6 30. Rg5 Rc8 0-1

[Event "Miedzybrodzie op"]
[Site "Miedzybrodzie"]
[Date "1991.??.??"]
[Round "2"]
[White "Sapis, Witalis"]
[Black "Swic, Waldemar"]
[Result "1-0"]
[WhiteElo "2415"]
[BlackElo "2335"]
[PlyCount "159"]
[EventDate "1991.??.??"]
[EventType "swiss"]
[EventRounds "11"]
[EventCountry "POL"]
[SourceTitle "TD"]
[Source "ChessBase"]
[SourceDate "1994.03.01"]
[SourceVersion "1"]
[SourceVersionDate "1994.03.01"]
[SourceQuality "1"]

1. d4 Nf6 2. c4 g6 3. Nc3 d5 4. cxd5 Nxd5 5. e4 Nxc3 6. bxc3 Bg7 7. Nf3 c5 8. Rb1 0-0 9. Be2 Nc6 10. d5 Ne5 11. Nxe5 Bxe5 12. Qd2 e6 13. f4 Bg7 14. c4 b6 15. Bb2 e5 16. 0-0 Qd6 17. Qc3 Re8 18. f5 gxf5 19. exf5 Bf6 20. Rbe1 Bd7 21. Bd3 e4 22. Qxf6 Qxf6 23. Bxf6 exd3 24. Rd1 Re3 25. Bg5 Re5 26. Rxd3 Bxf5 27. Rg3 Bg6 28. d6 h6 29. Bxh6 Re6 30. Bf4 Rd8 31. Rd1 Rd7 32. Re3 Rxe3 33. Bxe3 f6 34. Bf4 Bf7 35. Rc1 Be6 36. Kf2 Rh7 37. Re1 Kf7 38. Re3 Rh8 39. Ra3 Ra8 40. Rc3 Rg8 41. h4 Rh8 42. g3 Ke8 43. Ke3 Kd7 44. Ra3 a5 45. Rc3 Bg4 46. Rb3 Kc6 47. Rb2 Re8+ 48. Kd3 a4 49. Rf2 Bf5+ 50. Kc3 Bg4 51. Bh6 Re6 52. Bf8 f5 53. Rd2 Kd7 54. Kd3 f4 55. gxf4 Bf5+ 56. Kc3 Re3+ 57. Kb2 a3+ 58. Kc1 Re1+ 59. Rd1 Re2 60. Rd5 Be6 61. Re5 Rxe5 62. fxe5 Bxc4 63. Kb1 Bd3+ 64. Ka1 c4 65. Bh6 Bf5 66. Be3 b5 67. h5 c3 68. Bc5 Ke6 69. h6 Kf7 70. Bxa3 Kg6 71. Bc1 Be6 72. a3 Kf7 73. Bf4 Bf5 74. Ka2 Be6+ 75. Kb1 Bf5+ 76. Kc1 Ke6 77. Kd1 Bd3 78. Ke1 Kd7 79. Kf2 Bh7 80. Kg3 1-0

[Event "POL-chT 46th prel"]
[Site "Bydgoszcz"]
[Date "1990.09.20"]
[Round "5"]
[White "Janocha, Wieslaw Adam"]
[Black "Swic, Waldemar"]
[Result "1-0"]
[WhiteElo "2355"]
[BlackElo "2315"]
[PlyCount "71"]
[EventDate "1990.09.16"]
[EventType "team-swiss"]
[EventRounds "6"]
[EventCountry "POL"]
[SourceTitle "EXT 2019"]
[Source "ChessBase"]
[SourceDate "2018.10.10"]
[SourceVersion "1"]
[SourceVersionDate "2018.10.10"]
[SourceQuality "1"]
[WhiteTeam "Legnica Miedz"]
[BlackTeam "Gryfow Slaski Hetman"]
[WhiteTeamCountry "POL"]
[BlackTeamCountry "POL"]

1. e4 g6 2. d4 Bg7 3. Nc3 d6 4. f4 Nc6 5. Be3 Nf6 6. Nf3 0-0 7. Be2 e6 8. h3 b6 9. 0-0 Bb7 10. e5 Nd7 11. g4 Ne7 12. Bc4 a6 13. Ng5 d5 14. Bd3 h6 15. Nf3 c5 16. Qd2 cxd4 17. Nxd4 Nc5 18. Rae1 Ne4 19. Qg2 Qd7 20. Nxe4 dxe4 21. Bxe4 Bxe4 22. Qxe4 Nd5 23. c3 Rfe8 24. Bc1 b5 25. Rd1 Rac8 26. Nb3 Qa7+ 27. Kh1 Rc4 28. Rd4 Qc7 29. Rfd1 a5 30. Nd2 Rxd4 31. Qxd4 g5 32. Nf3 gxf4 33. Bxf4 Nxf4 34. Qxf4 Rd8 35. Rd6 Rxd6 36. exd6 1-0

[Event "Lodz"]
[Site "Lodz"]
[Date "1988.??.??"]
[Round "?"]
[White "Sapis, Witalis"]
[Black "Swic, Waldemar"]
[Result "1/2-1/2"]
[WhiteElo "2445"]
[BlackElo "2305"]
[PlyCount "59"]
[EventDate "1988.??.??"]
[EventType "game"]
[EventRounds "1"]
[EventCountry "POL"]
[SourceTitle "EXT 2010"]
[Source "ChessBase"]
[SourceDate "2010.11.25"]
[SourceVersion "1"]
[SourceVersionDate "2010.11.25"]
[SourceQuality "1"]

1. d4 g6 2. Nf3 Bg7 3. g3 Nf6 4. Bg2 0-0 5. 0-0 d5 6. c4 dxc4 7. Na3 c3 8. bxc3 c5 9. Nc4 Nc6 10. Nce5 Nd5 11. Bb2 Nxe5 12. Nxe5 Bxe5 13. dxe5 Be6 14. c4 Nb6 15. Bxb7 Rb8 16. Bf3 Nxc4 17. Bc3 Qc7 18. Qa4 Nxe5 19. Bxe5 Qxe5 20. Qxa7 Bh3 21. Rfc1 c4 22. a4 Rb3 23. a5 Rfb8 24. a6 Kg7 25. Bg2 Bxg2 26. Kxg2 h5 27. Qd7 Qe4+ 28. Kg1 Ra8 29. Qa4 Rb6 30. Qxc4 1/2-1/2